000 00288nam a2200121Ia 4500
008 190216s9999||||xx |||||||||||||| ||und||
100 _aSathyaprakash
245 0 _aMathematical Physics
260 _bS Chand & Co
_c1996
300 _a1456p
650 _aMathematical Physics
942 _cBK
999 _c33579
_d33579